Źródła i materiały Polskiej Zjednoczonej Partii Robotniczej i Zjednoczonego Stronnictwa Ludowego dotyczące "socjalistycznej przebudowy wsi" w okresie "małej stablilizacji" (1956-1970/73)
| Titel: | Źródła i materiały Polskiej Zjednoczonej Partii Robotniczej i Zjednoczonego Stronnictwa Ludowego dotyczące "socjalistycznej przebudowy wsi" w okresie "małej stablilizacji" (1956-1970/73) / wstęp, wybór i opracowanie źródeł: Romuald Turkowski ; wprowadzenie do problematyki rolnej władz PRL wobec wsi w latach 1956-1989: Janusz Gmitruk ; [redakcja naukowa: zespół pod kierunkiem dr. Mateusza Ratyńskiego] ; Instytut Ruchu Ludowego. Muzeum Historii Polskiego Ruchu Ludowego, Ludowe Towarzystwo Naukowo-Kulturalne |
|---|---|
| Beteiligt: | ; ; |
| Körperschaft: |
|
| Veröffentlicht: |
Warszawa : Muzeum Historii Polskiego Ruchu Ludowego w Warszawie, 2025 Kielce : na zlecenie wydawcy: Zakład Małej Poligrafii Rafała Nowakowskiego w Kielcach, 2025 |
| Umfang: | 774 Seiten : Illustrationen, Porträts, Diagramme, Pläne ; 24 cm |
| Format: | Buch |
| Sprache: | Polnisch |
| Schriftenreihe/ mehrbändiges Werk: |
Źródła i materiały Polskiej Zjednoczonej Partii Robotniczej / wstęp, wybór i opracowanie źródeł: Romuald Turkowski ; [redakcja naukowa: zespół pod kierunkiem dr. Mateusza Ratyńskiego] ; Instytut Ruchu Ludowego. Muzeum Historii Polskiego Ruchu Ludowego, Ludowe Towarzystwo Naukowo-Kulturalne ; Tom 2 alle Bände anzeigen
|
| ISBN: | 9788379014941 ; 8379014944 ; 9788379014729 |
| Hinweise zum Inhalt: |
Cover
Inhaltsverzeichnis |
alg: 53118826 001A $03004:02-07-25 001B $00026:02-09-25 $t14:14:58.000 001D $03004:02-07-25 001U $0utf8 001X $00 002@ $0AFu 002C $aText $btxt $2rdacontent 002D $aohne Hilfsmittel zu benutzen $bn $2rdamedia 002E $aBand $bnc $2rdacarrier 003@ $0531188264 003O $01526327901 $aOCoLC 004A $A978-83-7901-494-1 004A $083-7901-494-4 004D $A978-83-7901-472-9 007A $0BV050256952 $aBVB 009P $qapplication/pdf $A2 $3Cover $uhttp://scans.hebis.de/HEBCGI/show.pl?53118826_cov.pdf $mV:DE-603;B:DE-Mb50 009P $qapplication/pdf $A2 $3Inhaltsverzeichnis $uhttp://scans.hebis.de/HEBCGI/show.pl?53118826_toc.pdf $mV:DE-603;B:DE-Mb50 010@ $apol 010E $erda 011@ $a2025 $n2025 013D $RQuellenforschung $#History Sources $#Sources $#Histoire Sources $#Sources $#Historia Fuentes $#Akten Formschlagwort $#Augenzeugenbericht Formschlagwort $#Texte Formschlagwort $#Historische Quelle $#Geschichtsquelle $#Quellensammlung $#Quellen $74135952-5 $8Quelle [Tsz] $9085503576 021A $aŹródła i materiały Polskiej Zjednoczonej Partii Robotniczej i Zjednoczonego Stronnictwa Ludowego dotyczące "socjalistycznej przebudowy wsi" w okresie "małej stablilizacji" (1956-1970/73) $hwstęp, wybór i opracowanie źródeł: Romuald Turkowski ; wprowadzenie do problematyki rolnej władz PRL wobec wsi w latach 1956-1989: Janusz Gmitruk ; [redakcja naukowa: zespół pod kierunkiem dr. Mateusza Ratyńskiego] ; Instytut Ruchu Ludowego. Muzeum Historii Polskiego Ruchu Ludowego, Ludowe Towarzystwo Naukowo-Kulturalne 027A $aŹródła i materiały PZPR i ZSL dotyczące "socjalistycznej przebudowy wsi" w okresie "małej stablilizacji" (1956-1970/73) 028C $BHerausgeber $#Turkowski, R. $#Turkowski, Romuald Wacław $4edt $71060087049 $8Turkowski, Romuald$Z1951- [Tp3] $9349060541 028C $BVerfasser einer Einleitung $4win $71128249022 $8Gmitruk, Janusz$Z1948- [Tp3] $9400747995 028C $BMitwirkender $4ctb $8Ratyński, Mateusz$Z1993- [Tp3] $9454539177 029F $BHerausgebendes Organ $#MHPRL $#Muzeum Historii Polskiego Ruchu Ludowego $4isb $73023942-4 $8Muzeum Historii Polskiego Ruchu Ludowego$gWarschau [Tb1] $9044143850 029F $BHerausgebendes Organ $4isb $710114731-4 $8Ludowe Towarzystwo Naukowo-Kulturalne [Tb1] $9132926121 033A $pWarszawa $nMuzeum Historii Polskiego Ruchu Ludowego w Warszawie 033A $pKielce $nna zlecenie wydawcy: Zakład Małej Poligrafii Rafała Nowakowskiego w Kielcach 034D $a774 Seiten 034I $a24 cm 034M $aIllustrationen, Porträts, Diagramme, Pläne 036C $aŹródła i materiały Polskiej Zjednoczonej Partii Robotniczej $x12 $hwstęp, wybór i opracowanie źródeł: Romuald Turkowski ; [redakcja naukowa: zespół pod kierunkiem dr. Mateusza Ratyńskiego] ; Instytut Ruchu Ludowego. Muzeum Historii Polskiego Ruchu Ludowego, Ludowe Towarzystwo Naukowo-Kulturalne $lTom 2 036D $x12 $8Źródła i materiały Polskiej Zjednoczonej Partii Robotniczej / wstęp, wybór i opracowanie źródeł: Romuald Turkowski ; [redakcja naukowa: zespół pod kierunkiem dr. Mateusza Ratyńskiego] ; Instytut Ruchu Ludowego. Muzeum Historii Polskiego Ruchu Ludowego, Ludowe Towarzystwo Naukowo-Kulturalne $9530493802 045T $aOST $qDE-12 $2FID lok: 53118826 24 exp: 53118826 24 1 #EPN 201B/01 $002-07-25 $t15:01:05.000 201C/01 $002-07-25 201U/01 $0utf8 203@/01 $01310549966 208@/01 $a02-07-25 $bz 209A/01 $a25.03115 $du $f050 $h25 03115 $x00 209C/01 $a25.03115 K $h25 03115 K 209G/01 $a75083076 $x00 220C/01 $ahae 247C/01 $8358050-7Marburg, Bibliothek des Herder-Instituts Marburg $9102600961 lok: 53118826 204 exp: 53118826 204 1 #EPN 201B/01 $019-12-25 $t12:57:47.000 201C/01 $002-09-25 201U/01 $0utf8 203@/01 $01317216083 208@/01 $a19-12-25 $bzUB 209A/01 $a000 MG 92300 T939-2 $du $f000 $x00 209G/01 $a64991655 $x00 247C/01 $8631000-x <26>Gießen, Universität Gießen, Universitätsbibliothek Gießen $9102596697
| LEADER | 00000cam a2200000 cb4500 | ||
|---|---|---|---|
| 001 | 531188264 | ||
| 003 | DE-603 | ||
| 005 | 20250902141458.0 | ||
| 007 | tu | ||
| 008 | 250702s2025 xx |||| | u00||u|pol c | ||
| 020 | |a 9788379014941 | ||
| 020 | |a 8379014944 | ||
| 020 | |z 9788379014729 | ||
| 035 | |a (DE-599)BVBBV050256952 | ||
| 035 | |a (OCoLC)1526327901 | ||
| 040 | |a DE-603 |b ger |c DE-603 |d DE-603 |e rda | ||
| 041 | |a pol | ||
| 084 | |a OST |q DE-12 |2 fid | ||
| 245 | 0 | 0 | |a Źródła i materiały Polskiej Zjednoczonej Partii Robotniczej i Zjednoczonego Stronnictwa Ludowego dotyczące "socjalistycznej przebudowy wsi" w okresie "małej stablilizacji" (1956-1970/73) |c wstęp, wybór i opracowanie źródeł: Romuald Turkowski ; wprowadzenie do problematyki rolnej władz PRL wobec wsi w latach 1956-1989: Janusz Gmitruk ; [redakcja naukowa: zespół pod kierunkiem dr. Mateusza Ratyńskiego] ; Instytut Ruchu Ludowego. Muzeum Historii Polskiego Ruchu Ludowego, Ludowe Towarzystwo Naukowo-Kulturalne |
| 246 | 1 | 3 | |a Źródła i materiały PZPR i ZSL dotyczące "socjalistycznej przebudowy wsi" w okresie "małej stablilizacji" (1956-1970/73) |
| 264 | 1 | |a Warszawa |b Muzeum Historii Polskiego Ruchu Ludowego w Warszawie |c 2025 | |
| 264 | 1 | |a Kielce |b na zlecenie wydawcy: Zakład Małej Poligrafii Rafała Nowakowskiego w Kielcach |c 2025 | |
| 300 | |a 774 Seiten |b Illustrationen, Porträts, Diagramme, Pläne |c 24 cm | ||
| 336 | |a Text |b txt |2 rdacontent | ||
| 337 | |a ohne Hilfsmittel zu benutzen |b n |2 rdamedia | ||
| 338 | |a Band |b nc |2 rdacarrier | ||
| 490 | 1 | |a Źródła i materiały Polskiej Zjednoczonej Partii Robotniczej / wstęp, wybór i opracowanie źródeł: Romuald Turkowski ; [redakcja naukowa: zespół pod kierunkiem dr. Mateusza Ratyńskiego] ; Instytut Ruchu Ludowego. Muzeum Historii Polskiego Ruchu Ludowego, Ludowe Towarzystwo Naukowo-Kulturalne |v Tom 2 | |
| 655 | 7 | |a Quelle |2 gnd-content |0 (DE-588)4135952-5 |0 (DE-603)085503576 | |
| 700 | 1 | |a Turkowski, Romuald |d 1951- |e Herausgeber |4 edt |0 (DE-603)349060541 |0 (DE-588)1060087049 |2 gnd | |
| 700 | 1 | |a Gmitruk, Janusz |d 1948- |e Verfasser einer Einleitung |4 win |0 (DE-603)400747995 |0 (DE-588)1128249022 |2 gnd | |
| 700 | 1 | |a Ratyński, Mateusz |d 1993- |e Mitwirkender |4 ctb |0 (DE-603)454539177 |0 (DE-588)1197735038 |2 gnd | |
| 710 | 2 | |a Muzeum Historii Polskiego Ruchu Ludowego |g Warschau |e Herausgebendes Organ |4 isb |0 (DE-603)044143850 |0 (DE-588)3023942-4 |2 gnd | |
| 710 | 2 | |a Ludowe Towarzystwo Naukowo-Kulturalne |e Herausgebendes Organ |4 isb |0 (DE-603)132926121 |0 (DE-588)10114731-4 |2 gnd | |
| 830 | 0 | |a Źródła i materiały Polskiej Zjednoczonej Partii Robotniczej |v Tom 2 |w (DE-603)530493802 |9 12 |7 am | |
| 856 | 4 | 2 | |m V:DE-603;B:DE-Mb50 |q application/pdf |u http://scans.hebis.de/HEBCGI/show.pl?53118826_cov.pdf |3 Cover |
| 856 | 4 | 2 | |m V:DE-603;B:DE-Mb50 |q application/pdf |u http://scans.hebis.de/HEBCGI/show.pl?53118826_toc.pdf |3 Inhaltsverzeichnis |
| 924 | 0 | |9 Mb 50 |a (DE-603)1310549966 |b DE-Mb50 |c HES |d c |g 25.03115 | |
| 924 | 0 | |9 26 |a (DE-603)1317216083 |b DE-26 |c HES |d c |g 000 MG 92300 T939-2 | |
alle Bände anzeigen

